| 000 | 01515nam a2200373Ia 4500 | ||
|---|---|---|---|
| 001 | ebr10594751 | ||
| 003 | CaPaEBR | ||
| 006 | m u | ||
| 007 | cr cn||||||||| | ||
| 008 | 030909s2004 nyua sb s001 0 eng d | ||
| 010 | _z 2003061036 | ||
| 020 | _z0791461432 | ||
| 020 | _z0791461440 (pbk.) | ||
| 020 | _z9780791461433 | ||
| 020 | _z9780791484814 | ||
| 040 |
_aCaPaEBR _cCaPaEBR |
||
| 035 | _a(OCoLC)62751497 | ||
| 050 | 1 | 4 |
_aHD6473.E3 _bC48 2004eb |
| 082 | 0 | 4 |
_a338.6/32/096209034 _222 |
| 100 | 1 |
_aChalcraft, John T., _d1970- |
|
| 245 | 1 | 4 |
_aThe striking cabbies of Cairo and other stories _h[electronic resource] : _bcrafts and guilds in Egypt, 1863-1914 / _cJohn T. Chalcraft. |
| 260 |
_aAlbany : _bState University of New York Press, _cc2004. |
||
| 300 |
_axvi, 285 p. : _bill. |
||
| 490 | 0 | _aSUNY series in the social and economic history of the Middle East | |
| 504 | _aIncludes bibliographical references (p. 205-273) and index. | ||
| 533 |
_aElectronic reproduction. _bPalo Alto, Calif. : _cebrary, _d2011. _nAvailable via World Wide Web. _nAccess may be limited to ebrary affiliated libraries. |
||
| 650 | 0 |
_aGuilds _zEgypt _xHistory. |
|
| 650 | 0 |
_aHandicraft _zEgypt _xHistory. |
|
| 650 | 0 |
_aStrikes and lockouts _zEgypt _xHistory. |
|
| 651 | 0 |
_aEgypt _xEconomic conditions. |
|
| 655 | 7 |
_aElectronic books. _2local |
|
| 710 | 2 | _aebrary, Inc. | |
| 856 | 4 | 0 |
_uhttp://site.ebrary.com/lib/rucke/Doc?id=10594751 _zAn electronic book accessible through the World Wide Web; click to view |
| 999 |
_c218348 _d218348 |
||